000 00506nam a2200169Ia 4500
005 20250424120324.0
008 250424s9999 xx 000 0 und d
022 _a11194755
050 _aP 57 .N6 J67/
245 0 _astudiesJONSILLS: journal of new studies in languages and literary
260 _aUturu, Abia State.
260 _bDevelopment Universal Consortia
260 _c2009
300 _avii, 215p.; ill.; 24cm
650 _aNigeria--Languages--Study and teaching--Periodicals.
942 _cSR
999 _c38658
_d38658